Statistiche per Riconosci la Provincia - Quiz n°101

Clicka qui per fare il quiz!

Statistiche generali

  • Questo quiz è stato fatto 9 volte
  • Il punteggio medio è 5 su 8

Statistiche sulle risposte

IndizioRisposta% Corretto
Prefisso / Prefissi0734, 0736
88%
PresidenteMichele Ortenzi (lista civica)
88%
Popolazione167 177 ab.
75%
Numero province confinanti3
63%
Coordinate
del capoluogo
43°09′37.51″N 13°43′05.16″E
63%
Superficie862,77 km²
63%
Numero comuni0
50%
ProvinciaFermo
38%

Distribuzione punteggi

Percentile per numero di risposta

Percentuale di utenti per punteggio

I tuoi punteggi nel tempo

Non hai fatto questo quiz